[Event "Winnipeg TNT May op"]
[Site "Winnipeg CAN"]
[Date "2009.05.12"]
[Round "2"]
[White "Campbell, Gary"]
[Black "Ott, Richard"]
[Result "1/2-1/2"]
[WhiteElo "1638"]
[BlackElo "1456"]
[PlyCount "83"]
[GameId "2160767910156917"]
[EventDate "2009.05.05"]
[EventType "swiss"]
[EventRounds "4"]
[EventCountry "CAN"]
[SourceTitle "EXT 2011"]
[Source "ChessBase"]
[SourceDate "2011.11.26"]
[SourceVersion "1"]
[SourceVersionDate "2011.11.26"]
[SourceQuality "1"]

1. d4 d5 2. c4 e5 3. dxe5 d4 4. Nf3 Nc6 5. Nbd2 Nge7 6. Nb3 Ng6 7. Nbxd4 Ngxe5 8. Nxe5 Nxe5 9. e3 Bb4+ 10. Bd2 Qe7 11. a3 Bxd2+ 12. Qxd2 c5 13. Nb5 O-O 14. Qd6 Qxd6 15. Nxd6 Be6 16. b3 b6 17. Be2 Rfd8 18. Nb5 Nd3+ 19. Bxd3 Rxd3 20. Nc7 Rad8 21. Nxe6 fxe6 22. Rb1 Rc3 23. Ke2 Rc2+ 24. Kf3 Rf8+ 25. Kg3 Rfxf2 26. Rhg1 Rf6 27. Rbd1 Rcf2 28. Rd7 R2f5 29. h3 Re5 30. Re1 Rg5+ 31. Kh2 Rf2 32. Rg1 Re2 33. Rxa7 Rxe3 34. Rf1 Rf5 35. Rd1 h5 36. Rdd7 Rg5 37. b4 Re2 38. h4 Rexg2+ 39. Kh1 Rg1+ 40. Kh2 R5g2+ 41. Kh3 Rg3+ 42. Kh2 1/2-1/2

[Event "Winnipeg TNT May op"]
[Site "Winnipeg CAN"]
[Date "2009.05.12"]
[Round "2"]
[White "Czypinski, Jaroslaw"]
[Black "Schulz, Waldemar"]
[Result "1-0"]
[WhiteElo "1831"]
[BlackElo "2059"]
[PlyCount "93"]
[GameId "2160767910156918"]
[EventDate "2009.05.05"]
[EventType "swiss"]
[EventRounds "4"]
[EventCountry "CAN"]
[SourceTitle "EXT 2011"]
[Source "ChessBase"]
[SourceDate "2011.11.26"]
[SourceVersion "1"]
[SourceVersionDate "2011.11.26"]
[SourceQuality "1"]

1. d4 Nf6 2. Nf3 d5 3. e3 e6 4. Bd3 Be7 5. Nbd2 Nbd7 6. b3 O-O 7. Bb2 c5 8. O-O Re8 9. Ne5 cxd4 10. exd4 Nxe5 11. dxe5 Nd7 12. c4 Nf8 13. Qe2 Qa5 14. f4 Bb4 15. Nf3 dxc4 16. Bxc4 Bd7 17. Nd4 Bc3 18. Bxc3 Qxc3 19. Rad1 Rac8 20. Qd2 Qxd2 21. Rxd2 a6 22. Rfd1 Rc7 23. Kf2 Rec8 24. Ke3 g6 25. Be2 Rc3+ 26. Rd3 R8c7 27. Rxc3 Rxc3+ 28. Kd2 Rc8 29. Bf3 Rc7 30. Re1 Kg7 31. Re3 f6 32. Rc3 Rxc3 33. Kxc3 fxe5 34. fxe5 Bc8 35. Be4 Kf7 36. Nf3 h6 37. g4 g5 38. Kd4 Ke7 39. Nd2 b5 40. b4 Nd7 41. Bc2 Nb6 42. Be4 Nd7 43. Bf3 Kd8 44. Ne4 Bb7 45. Nxg5 Bxf3 46. Nxf3 Ke7 47. g5 1-0

[Event "Winnipeg TNT May op"]
[Site "Winnipeg CAN"]
[Date "2009.05.12"]
[Round "2"]
[White "Green, Aaron"]
[Black "Greenberg, Harley"]
[Result "1-0"]
[WhiteElo "1840"]
[BlackElo "1749"]
[PlyCount "51"]
[GameId "2160767910156919"]
[EventDate "2009.05.05"]
[EventType "swiss"]
[EventRounds "4"]
[EventCountry "CAN"]
[SourceTitle "EXT 2011"]
[Source "ChessBase"]
[SourceDate "2011.11.26"]
[SourceVersion "1"]
[SourceVersionDate "2011.11.26"]
[SourceQuality "1"]

1. e4 c5 2. Nf3 Nc6 3. d4 cxd4 4. Nxd4 Nf6 5. Nc3 e5 6. Ndb5 d6 7. a4 a6 8. Na3 Be7 9. h3 Be6 10. Bc4 Bxc4 11. Nxc4 Rc8 12. a5 Nd4 13. Nb6 Rc5 14. O-O O-O 15. Be3 Nd7 16. Ncd5 f5 17. c3 Ne6 18. Bxc5 Nexc5 19. exf5 Bg5 20. b4 Ne4 21. Nxd7 Qxd7 22. Qg4 Qxf5 23. Qxf5 Rxf5 24. f3 Nd2 25. Rf2 Nc4 26. Re2 1-0

[Event "Winnipeg TNT May op"]
[Site "Winnipeg CAN"]
[Date "2009.05.12"]
[Round "2"]
[White "Kaptsan, Aron"]
[Black "Lauritson, Jim"]
[Result "1-0"]
[WhiteElo "2084"]
[BlackElo "1940"]
[PlyCount "51"]
[GameId "2160767910156920"]
[EventDate "2009.05.05"]
[EventType "swiss"]
[EventRounds "4"]
[EventCountry "CAN"]
[SourceTitle "EXT 2011"]
[Source "ChessBase"]
[SourceDate "2011.11.26"]
[SourceVersion "1"]
[SourceVersionDate "2011.11.26"]
[SourceQuality "1"]

1. d4 Nf6 2. Nf3 e6 3. g3 d5 4. Bg2 c5 5. O-O Nc6 6. c4 dxc4 7. Qa4 Bd7 8. Qxc4 Qb6 9. dxc5 Bxc5 10. Nc3 Na5 11. Qh4 O-O 12. Ne5 Qc7 13. Nxd7 Nxd7 14. Ne4 Bb6 15. Bf4 e5 16. Rac1 Qd8 17. Bg5 f6 18. Bd2 Qe7 19. Rfd1 Nc6 20. e3 Rfd8 21. b4 Rac8 22. b5 Na5 23. Rxc8 Rxc8 24. Bb4 Qe6 25. Nd6 Rc7 26. Bd5 1-0

[Event "Winnipeg TNT May op"]
[Site "Winnipeg CAN"]
[Date "2009.05.12"]
[Round "2"]
[White "Keer, Keer"]
[Black "Green, Jim"]
[Result "0-1"]
[WhiteElo "1315"]
[BlackElo "1771"]
[PlyCount "150"]
[GameId "2160767740941000"]
[EventDate "2009.05.05"]
[EventType "swiss"]
[EventRounds "4"]
[EventCountry "CAN"]

{Unclear game score.} 1. e4 c5 2. d3 d6 3. Be3 Nc6 4. Be2 g6 5. Nf3 Bg7 6. c3 Nf6 7. O-O O-O 8. Nbd2 a6 9. Nc4 b5 10. Ncd2 Qc7 11. h3 Nd7 12. a3 Nb6 13. Bf4 Bb7 14. Qc2 Nd7 15. c4 b4 16. axb4 Nxb4 17. Qb1 Rfd8 18. Rd1 Nf8 19. Nb3 Ne6 20. Be3 Nc6 21. Ng5 Ned4 22. Nxd4 Nxd4 23. Bxd4 Bxd4 24. Qc2 Bc6 25. Bg4 h6 26. Nf3 h5 27. Nxd4 cxd4 28. Bf3 e5 29. Qd2 Kg7 30. Qg5 Rh8 31. b4 f6 32. Qc1 Qd7 33. Rd2 Rhc8 34. Rc2 Kh7 35. Rca2 Bb7 36. Qb2 Rcb8 37. b5 Kh6 38. Qd2+ g5 39. bxa6 Bc6 40. Rb2 Rxb2 41. Qxb2 Qa7 42. Qb4 Qc7 43. Kh2 Rb8 44. Qa3 Ra8 45. Bd1 Bd7 46. Bb3 Ra7 47. Rc1 Qc5 48. Qa2 Bc8 49. h4 Rxa6 50. hxg5+ fxg5 51. Qc2 Qc7 52. c5 Rc6 53. Qc4 Rxc5 54. Qe6+ Bxe6 55. Rxc5 dxc5 56. Bxe6 c4 57. Bxc4 Qxc4 58. dxc4 d3 59. c5 d2 60. c6 d1=Q 61. c7 Qc2 62. c8=Q Qxc8 63. Kg3 Qg4+ 64. Kh2 Qxe4 65. f3 Qf4+ 66. Kg1 g4 67. Kf1 gxf3 68. gxf3 h4 69. Kf2 h3 70. Ke2 Qg3 71. Ke3 h2 72. Ke4 h1=Q 73. Ke3 Qhxf3+ 74. Kd2 Qgf2+ 75. Kc1 Qh1# 0-1

[Event "Winnipeg TNT May op"]
[Site "Winnipeg CAN"]
[Date "2009.05.12"]
[Round "2"]
[White "Kernetsky, Myron"]
[Black "Nikouline, Alexandre"]
[Result "0-1"]
[WhiteElo "1982"]
[BlackElo "2111"]
[PlyCount "70"]
[GameId "2160767740941001"]
[EventDate "2009.05.05"]
[EventType "swiss"]
[EventRounds "4"]
[EventCountry "CAN"]

1. d4 Nf6 2. c4 e6 3. Nf3 b6 4. a3 Bb7 5. Nc3 Be7 6. d5 exd5 7. cxd5 O-O 8. e4 d6 9. Bd3 c6 10. dxc6 Nxc6 11. O-O Ne5 12. Re1 Rc8 13. Bf4 Nfd7 14. Rc1 Nxf3+ 15. Qxf3 Ne5 16. Qe2 Bg5 17. Be3 Bxe3 18. Qxe3 Nxd3 19. Qxd3 Qg5 20. Rcd1 f5 21. Qxd6 fxe4 22. Qg3 Qf5 23. Rd4 Rf6 24. Red1 Rcf8 25. Rd7 Rg6 26. Qe3 Bc6 27. Rd8 Qg4 28. Rxf8+ Kxf8 29. g3 Rf6 30. Qd4 Qf3 31. Qe3 Qh5 32. Qd4 e3 33. Qxe3 {Oops. Intended Qxh2 does not work.} g5 ({Oops. Intended Qxh2 does not work.} 33... Qxh2+ 34. Kxh2 Rh6+ 35. Qxh6) 34. Rd8+ Kf7 35. Nd5 {Myron was sure he checked me with his knight.} Qd1+ 0-1

[Event "Winnipeg TNT May op"]
[Site "Winnipeg CAN"]
[Date "2009.05.12"]
[Round "2"]
[White "Lipnowski, Samuel"]
[Black "Boron, Anthony"]
[Result "1-0"]
[WhiteElo "2272"]
[BlackElo "2037"]
[PlyCount "81"]
[GameId "2160767910156921"]
[EventDate "2009.05.05"]
[EventType "swiss"]
[EventRounds "4"]
[EventCountry "CAN"]
[SourceTitle "EXT 2011"]
[Source "ChessBase"]
[SourceDate "2011.11.26"]
[SourceVersion "1"]
[SourceVersionDate "2011.11.26"]
[SourceQuality "1"]

1. e4 c5 2. Nf3 Nc6 3. Nc3 e6 4. d4 cxd4 5. Nxd4 Nf6 6. Ndb5 Bb4 7. a3 Bxc3+ 8. Nxc3 d5 9. exd5 Nxd5 10. Nxd5 Qxd5 11. Qxd5 exd5 12. Bf4 O-O 13. O-O-O Be6 14. Be2 Rfd8 15. Rhe1 Rac8 16. Kb1 h6 17. g4 Ne7 18. Bg3 g5 19. h4 Ng6 20. hxg5 hxg5 21. f3 Kg7 22. Bf2 b6 23. Bd4+ f6 24. Ba6 Rc6 25. Bb5 Rcd6 26. Bc3 Bc8 27. Bb4 Re6 28. Rxe6 Bxe6 29. Re1 Kf7 30. Rh1 Kg7 31. Bd3 Nh4 32. f4 Bxg4 33. fxg5 fxg5 34. Be7 Re8 35. Bxg5 Ng6 36. Bh6+ Kh7 37. Bd2+ Kg7 38. Bc3+ Ne5 39. Rg1 Kh6 40. Bxe5 Rxe5 41. Rxg4 1-0

[Event "Winnipeg TNT May op"]
[Site "Winnipeg CAN"]
[Date "2009.05.12"]
[Round "2"]
[White "Lipnowski, Samuel"]
[Black "Nikouline, Alexandre"]
[Result "1/2-1/2"]
[WhiteElo "2272"]
[BlackElo "2111"]
[PlyCount "101"]
[GameId "2160767910156922"]
[EventDate "2009.05.05"]
[EventType "swiss"]
[EventRounds "4"]
[EventCountry "CAN"]
[SourceTitle "EXT 2011"]
[Source "ChessBase"]
[SourceDate "2011.11.26"]
[SourceVersion "1"]
[SourceVersionDate "2011.11.26"]
[SourceQuality "1"]

1. e4 e5 2. Nf3 Nc6 3. d4 exd4 4. Nxd4 Nf6 5. Nxc6 bxc6 6. e5 Nd5 7. Bc4 Bb7 8. O-O Be7 9. Qg4 g5 10. Qh5 d6 11. e6 O-O 12. Bd3 f5 13. h4 Qe8 14. Qxe8 Raxe8 15. hxg5 Nb4 16. Na3 Nxd3 17. cxd3 f4 18. Nc4 Bxg5 19. Na5 Ba8 20. Re1 c5 21. Bd2 Rf6 22. f3 Rg6 23. Kf1 Rgxe6 24. Rac1 Rxe1+ 25. Bxe1 Bf6 26. b4 Bd4 27. Nb3 Be3 28. Rc2 Bc6 29. bxc5 Bb5 30. Rc3 dxc5 31. Bf2 Rd8 32. Bxe3 Rxd3 33. Rxd3 Bxd3+ 34. Kf2 fxe3+ 35. Kxe3 c4 36. Nc1 Bf5 37. Kd4 Be6 38. Ke5 Kf7 39. f4 Bc8 40. f5 h5 41. g3 Bb7 42. Ne2 Bf3 43. Nc3 Bc6 44. a3 a5 45. Ne2 Be8 46. Nc3 Ke7 47. Nd5+ Kd7 48. Nc3 Kc6 49. Ke6 Bd7+ 50. Ke5 Be8 51. Ke6 1/2-1/2

[Event "Winnipeg TNT May op"]
[Site "Winnipeg CAN"]
[Date "2009.05.12"]
[Round "2"]
[White "Menard, Trevor"]
[Black "Letain, Cory"]
[Result "0-1"]
[WhiteElo "1272"]
[BlackElo "1586"]
[PlyCount "92"]
[GameId "2160767910156923"]
[EventDate "2009.05.05"]
[EventType "swiss"]
[EventRounds "4"]
[EventCountry "CAN"]
[SourceTitle "EXT 2011"]
[Source "ChessBase"]
[SourceDate "2011.11.26"]
[SourceVersion "1"]
[SourceVersionDate "2011.11.26"]
[SourceQuality "1"]

1. Nf3 Nf6 2. b4 g6 3. Bb2 Bg7 4. e3 O-O 5. c4 d5 6. cxd5 Nxd5 7. Bxg7 Kxg7 8. Qc1 Bg4 9. Be2 Qd6 10. a3 Nd7 11. Qb2+ Qf6 12. Nc3 Nxc3 13. dxc3 Bxf3 14. Bxf3 Ne5 15. Be4 Rad8 16. O-O b6 17. Qe2 Qh4 18. f3 f5 19. g3 Qf6 20. Bc2 Rd6 21. f4 Nf7 22. Qc4 Rc6 23. Qd4 Qxd4 24. exd4 Rxc3 25. Rf2 Rd8 26. Rd2 Nd6 27. Re1 Rd7 28. a4 Nc4 29. Rde2 Kf6 30. Re6+ Kf7 31. R1e2 Rxc2 32. Rxc2 Kxe6 33. Rxc4 Kd5 34. Rc1 e6 35. Kf2 Ke4 36. Re1+ Kd3 37. Rd1+ Kc4 38. Ke3 Kxb4 39. Kd3 c5 40. Ke3 cxd4+ 41. Rxd4+ Rxd4 42. Kxd4 Kxa4 43. Ke5 b5 44. Kxe6 b4 45. h3 b3 46. g4 b2 0-1

[Event "Winnipeg TNT May op"]
[Site "Winnipeg CAN"]
[Date "2009.05.12"]
[Round "2"]
[White "Milord, Frank"]
[Black "Gibbons, Lorne"]
[Result "1-0"]
[WhiteElo "1574"]
[BlackElo "1248"]
[PlyCount "90"]
[GameId "2160767910156924"]
[EventDate "2009.05.05"]
[EventType "swiss"]
[EventRounds "4"]
[EventCountry "CAN"]
[SourceTitle "EXT 2011"]
[Source "ChessBase"]
[SourceDate "2011.11.26"]
[SourceVersion "1"]
[SourceVersionDate "2011.11.26"]
[SourceQuality "1"]

1. e4 Nc6 2. d4 e6 3. Nf3 f6 4. a3 Bd6 5. c4 b6 6. Nc3 e5 7. d5 Nce7 8. Bd3 Bb7 9. Be3 c5 10. O-O Ng6 11. g3 N8e7 12. h4 h5 13. Ne1 Nf8 14. Qd2 g6 15. f4 a6 16. Qf2 Nc8 17. fxe5 Bxe5 18. Nc2 Nh7 19. Bf4 d6 20. Bxe5 dxe5 21. b4 Qd6 22. Qf3 Ne7 23. Rab1 Bc8 24. Ne3 O-O 25. Rb2 Bd7 26. b5 a5 27. a4 Rf7 28. Rbf2 Raf8 29. Qg2 Rg7 30. Be2 Qc7 31. Kh1 Qc8 32. Qh2 Qc7 33. Rd1 Qd6 34. Bf1 f5 35. Bh3 Rgf7 36. Rdf1 Bc8 37. exf5 gxf5 38. Rf3 e4 39. R3f2 Qe5 40. Ne2 Kg7 41. Nf4 Kh6 42. Rd2 Rf6 43. Qe2 Qc3 44. Qxh5+ Kg7 45. Qe2 Qe5 1-0

[Event "Winnipeg TNT May op"]
[Site "Winnipeg CAN"]
[Date "2009.05.12"]
[Round "2"]
[White "Mundwiler, Les"]
[Black "Wasserman, Arie"]
[Result "0-1"]
[WhiteElo "2044"]
[BlackElo "1704"]
[PlyCount "100"]
[GameId "2160767740941002"]
[EventDate "2009.05.05"]
[EventType "swiss"]
[EventRounds "4"]
[EventCountry "CAN"]

1. Nf3 Nf6 2. g3 e6 3. Bg2 d5 4. O-O Bd6 5. d3 h6 6. b3 Nc6 7. Bb2 e5 8. Nbd2 Bg4 9. h3 Be6 10. a3 Qd7 11. Kh2 Nh7 12. d4 f6 13. c4 e4 14. Ng1 b6 15. cxd5 Bxd5 16. Nxe4 Bxe4 17. Bxe4 Ng5 18. Bg2 O-O-O 19. h4 Nh7 20. Qc2 Ne7 21. Bh3 f5 22. e4 c6 23. e5 Bc7 24. Rac1 g5 25. e6 Qd6 26. h5 f4 27. Ne2 Nf6 28. gxf4 Nxh5 29. d5 Nxf4 30. Ng3 Rhf8 31. Rcd1 Nxh3 32. Kxh3 Nxd5 33. e7 Qxe7 34. Qxc6 Qd7+ 35. Qxd7+ Rxd7 36. Bc1 Nf4+ 37. Bxf4 Rxf4 38. Kg2 g4 39. a4 Rf3 40. Rxd7 Kxd7 41. Rd1+ Ke6 42. b4 Ra3 43. Re1+ Kf7 44. Nf5 Kg6 45. Ne7+ Kg5 46. Nd5 Bd6 47. Re6 Bf8 48. Re8 Rf3 49. Re5+ Rf5 50. Rxf5+ Kxf5 {and there were half a dozen more moves in White's time pressure before White resigned.} 0-1

[Event "Winnipeg TNT May op"]
[Site "Winnipeg CAN"]
[Date "2009.05.12"]
[Round "2"]
[White "Trueman, Francis"]
[Black "Lipic, Stephen"]
[Result "0-1"]
[WhiteElo "1498"]
[BlackElo "1698"]
[PlyCount "78"]
[GameId "2160767910156925"]
[EventDate "2009.05.05"]
[EventType "swiss"]
[EventRounds "4"]
[EventCountry "CAN"]
[SourceTitle "EXT 2011"]
[Source "ChessBase"]
[SourceDate "2011.11.26"]
[SourceVersion "1"]
[SourceVersionDate "2011.11.26"]
[SourceQuality "1"]

1. Nf3 d5 2. d3 c6 3. Nbd2 Na6 4. g3 Nc7 5. Bg2 f6 6. O-O Nh6 7. Re1 Nf7 8. e4 e5 9. Qe2 d4 10. a4 Bb4 11. Rd1 Bg4 12. h3 Bh5 13. Nf1 Nd6 14. Bd2 Bxd2 15. Qxd2 Ne6 16. c4 a5 17. b4 O-O 18. b5 c5 19. N1h2 b6 20. Kh1 Ra7 21. Rg1 Bf7 22. h4 Kh8 23. g4 Nf4 24. h5 Bxc4 25. Bf1 Bf7 26. Be2 c4 27. Nxd4 Nxe2 28. Nc6 Qa8 29. Qxe2 Rc7 30. g5 Be8 31. gxf6 gxf6 32. Qg4 Bxc6 33. bxc6 Qxc6 34. f3 cxd3 35. Rg2 f5 36. Qg5 Nxe4 37. fxe4 Qxe4 38. Rag1 Rd7 39. Qg8+ Rxg8 0-1

[Event "Winnipeg TNT May op"]
[Site "Winnipeg CAN"]
[Date "2009.05.12"]
[Round "2"]
[White "Vincent, Trevor"]
[Black "Green, Leah"]
[Result "1-0"]
[WhiteElo "2228"]
[BlackElo "1287"]
[PlyCount "67"]
[GameId "2160767910156926"]
[EventDate "2009.05.05"]
[EventType "swiss"]
[EventRounds "4"]
[EventCountry "CAN"]
[SourceTitle "EXT 2011"]
[Source "ChessBase"]
[SourceDate "2011.11.26"]
[SourceVersion "1"]
[SourceVersionDate "2011.11.26"]
[SourceQuality "1"]

1. c4 e5 2. g3 Nf6 3. Bg2 Bc5 4. Nc3 Nc6 5. e3 d6 6. Nge2 Bd7 7. O-O O-O 8. h3 Qc8 9. Kh2 Re8 10. d4 exd4 11. exd4 Bb4 12. Bg5 Qd8 13. Ne4 h6 14. Nxf6+ gxf6 15. Bxh6 f5 16. a3 Qf6 17. Be3 Ba5 18. b4 Bb6 19. c5 dxc5 20. dxc5 Bxc5 21. Bxc5 Red8 22. Nf4 b6 23. Nd5 Qg5 24. Be3 Qg7 25. b5 Ne5 26. Qh5 Rab8 27. Ne7+ Kf8 28. Bh6 Qxh6 29. Qxh6+ Kxe7 30. Rfe1 Rh8 31. Rxe5+ Be6 32. Rxe6+ fxe6 33. Qg7+ Kd6 34. Rd1+ 1-0

[Event "Winnipeg TNT May op"]
[Site "Winnipeg CAN"]
[Date "2009.05.12"]
[Round "2"]
[White "Wasserman, Leor"]
[Black "Rutter, Blair"]
[Result "1-0"]
[WhiteElo "1566"]
[BlackElo "1839"]
[PlyCount "55"]
[GameId "2160767910156927"]
[EventDate "2009.05.05"]
[EventType "swiss"]
[EventRounds "4"]
[EventCountry "CAN"]
[SourceTitle "EXT 2011"]
[Source "ChessBase"]
[SourceDate "2011.11.26"]
[SourceVersion "1"]
[SourceVersionDate "2011.11.26"]
[SourceQuality "1"]

1. e4 e5 2. Nf3 d6 3. Bc4 Nf6 4. Ng5 d5 5. exd5 Bd6 6. Nc3 h6 7. Nge4 O-O 8. O-O Bg4 9. Nxf6+ Qxf6 10. Qxg4 Bb4 11. Ne4 Qe7 12. d3 Kh8 13. Qh5 f6 14. Bxh6 gxh6 15. Qxh6+ Qh7 16. Qxh7+ Kxh7 17. a3 Be7 18. Rfe1 a6 19. Ng3 Bc5 20. b4 Bd4 21. Rad1 b5 22. Bb3 Bb2 23. a4 Bc3 24. Re4 Nd7 25. Ne2 Bb2 26. Rb1 Bd4 27. Nxd4 exd4 28. Re7+ 1-0

[Event "Winnipeg TNT May op"]
[Site "Winnipeg CAN"]
[Date "2009.05.19"]
[Round "3"]
[White "Boron, Anthony"]
[Black "Campbell, Gary"]
[Result "1/2-1/2"]
[WhiteElo "2037"]
[BlackElo "1638"]
[PlyCount "129"]
[GameId "2160767910156928"]
[EventDate "2009.05.05"]
[EventType "swiss"]
[EventRounds "4"]
[EventCountry "CAN"]
[SourceTitle "EXT 2011"]
[Source "ChessBase"]
[SourceDate "2011.11.26"]
[SourceVersion "1"]
[SourceVersionDate "2011.11.26"]
[SourceQuality "1"]

1. d4 d5 2. c4 e6 3. Nc3 Nf6 4. cxd5 exd5 5. Bg5 Nbd7 6. e3 Be7 7. Bd3 O-O 8. Qc2 c6 9. Nge2 Re8 10. O-O Nf8 11. a3 Ne4 12. Nxe4 dxe4 13. Bxe4 Bxg5 14. Bf3 Ng6 15. b4 Qf6 16. Ng3 Qe7 17. Rfe1 Bh4 18. Ne2 Be6 19. Nc3 Rad8 20. Qa4 a6 21. Rac1 Bf6 22. g3 Qd7 23. Qa5 Ne7 24. Ne4 Nd5 25. Qa4 Be7 26. Qa5 Qc7 27. Qa4 Nf6 28. Nc3 Nd5 29. Ne4 f5 30. Nc5 Bxc5 31. Rxc5 Qd7 32. Rec1 Nf6 33. Qc2 Bd5 34. Be2 Ne4 35. Ra5 Qe7 36. Bc4 Nf6 37. Qxf5 Qe4 38. Qxe4 Nxe4 39. Bxd5+ Rxd5 40. Rxd5 cxd5 41. Rc7 Nd6 42. Rc5 Nc4 43. Rxd5 Nxa3 44. Rd7 Rb8 45. Rc7 Nb5 46. Rc5 Na7 47. e4 Rc8 48. Rd5 Nc6 49. b5 axb5 50. Rxb5 Nxd4 51. Rxb7 Re8 52. Rd7 Ne2+ 53. Kg2 Rxe4 54. Kf3 Re8 55. Rd2 Nc3 56. Rd4 Nb5 57. Rd7 Rf8+ 58. Kg2 g6 59. h3 Nc3 60. Rd4 Nb5 61. Rd7 Rf7 62. Rd3 Nc7 63. Rd6 Nb5 64. Rd3 Nc7 65. Rd6 1/2-1/2

[Event "Winnipeg TNT May op"]
[Site "Winnipeg CAN"]
[Date "2009.05.19"]
[Round "3"]
[White "Green, Jim"]
[Black "Mundwiler, Les"]
[Result "0-1"]
[WhiteElo "1771"]
[BlackElo "2044"]
[PlyCount "60"]
[GameId "2160767910156930"]
[EventDate "2009.05.05"]
[EventType "swiss"]
[EventRounds "4"]
[EventCountry "CAN"]
[SourceTitle "EXT 2011"]
[Source "ChessBase"]
[SourceDate "2011.11.26"]
[SourceVersion "1"]
[SourceVersionDate "2011.11.26"]
[SourceQuality "1"]

1. e4 c5 2. Nf3 Nc6 3. Bb5 a6 4. Bxc6 bxc6 5. c4 d6 6. b3 e5 7. O-O Be7 8. d3 Bf6 9. Na3 h6 10. Nc2 Rb8 11. Rb1 Bg5 12. Ne3 Bxe3 13. Bxe3 Qf6 14. h3 g5 15. g4 Ne7 16. Qd2 Qxf3 17. Kh2 h5 18. Bxg5 hxg4 19. h4 Ng6 20. Qa5 O-O 21. Kg1 g3 22. fxg3 Qxg3+ 23. Kh1 Bh3 24. Rg1 Qxd3 25. Qe1 Qf3+ 26. Kh2 Be6 27. Rg3 Qh5 28. Bf6 Kh7 29. Kg1 Rg8 30. Rg5 Nf4 0-1

[Event "Winnipeg TNT May op"]
[Site "Winnipeg CAN"]
[Date "2009.05.19"]
[Round "3"]
[White "Green, Leah"]
[Black "Trueman, Francis"]
[Result "1/2-1/2"]
[WhiteElo "1287"]
[BlackElo "1498"]
[PlyCount "78"]
[GameId "2160767910156931"]
[EventDate "2009.05.05"]
[EventType "swiss"]
[EventRounds "4"]
[EventCountry "CAN"]
[SourceTitle "EXT 2011"]
[Source "ChessBase"]
[SourceDate "2011.11.26"]
[SourceVersion "1"]
[SourceVersionDate "2011.11.26"]
[SourceQuality "1"]

1. e4 d6 2. d4 Nf6 3. Nc3 g6 4. Nf3 Bg7 5. Bg5 h6 6. Bh4 O-O 7. Be2 c6 8. e5 dxe5 9. dxe5 Nd5 10. Nxd5 cxd5 11. O-O Nc6 12. Bg3 e6 13. Re1 Qc7 14. Bb5 Bd7 15. Bxc6 bxc6 16. Qd2 a5 17. Bf4 Kh7 18. h4 Qd8 19. g3 f6 20. exf6 Qxf6 21. Ne5 Ra7 22. Qd3 Qf5 23. Qxf5 Rxf5 24. Nxd7 Rxd7 25. Rxe6 g5 26. hxg5 hxg5 27. Bc1 Rdf7 28. Be3 d4 29. Bd2 Rxf2 30. Rd1 d3 31. cxd3 Bd4 32. Be3 Bxe3 33. Rxe3 Rxb2 34. a3 Rff2 35. Re7+ Kh6 36. Re6+ Kh5 37. Rxc6 Rg2+ 38. Kf1 Rbf2+ 39. Ke1 Re2+ 1/2-1/2

[Event "Winnipeg TNT May op"]
[Site "Winnipeg CAN"]
[Date "2009.05.19"]
[Round "3"]
[White "Kaptsan, Aron"]
[Black "Lipnowski, Samuel"]
[Result "0-1"]
[WhiteElo "2084"]
[BlackElo "2272"]
[PlyCount "84"]
[GameId "2160767910156932"]
[EventDate "2009.05.05"]
[EventType "swiss"]
[EventRounds "4"]
[EventCountry "CAN"]
[SourceTitle "EXT 2011"]
[Source "ChessBase"]
[SourceDate "2011.11.26"]
[SourceVersion "1"]
[SourceVersionDate "2011.11.26"]
[SourceQuality "1"]

1. d4 c5 2. d5 g6 3. c4 Bg7 4. g3 d6 5. Bg2 Nf6 6. Nc3 O-O 7. Nf3 Bg4 8. Qb3 Qc8 9. h3 Bf5 10. g4 Bd7 11. Bf4 Na6 12. e4 Nb4 13. O-O h5 14. g5 Ne8 15. Kh2 Nd3 16. Bg3 Ne5 17. Nxe5 Bxe5 18. f4 Bg7 19. h4 Rb8 20. a4 b6 21. e5 Bf5 22. Rad1 Nc7 23. Rfe1 Na6 24. Ne4 Qc7 25. exd6 exd6 26. Nf6+ Bxf6 27. gxf6 Rbe8 28. Qb5 Rxe1 29. Rxe1 Nb4 30. Re7 Qb8 31. a5 bxa5 32. Qxa5 Nd3 33. Rxa7 Qxb2 34. Ra8 Qxf6 35. Rxf8+ Kxf8 36. Qb6 Kg7 37. Bf1 Qb2+ 38. Qxb2+ Nxb2 39. Kg1 Bd3 40. f5 Bxf1 41. Kxf1 Nxc4 42. Ke2 Kf6 0-1

[Event "Winnipeg TNT May op"]
[Site "Winnipeg CAN"]
[Date "2009.05.19"]
[Round "3"]
[White "Lauritson, Jim"]
[Black "Milord, Frank"]
[Result "1-0"]
[WhiteElo "1940"]
[BlackElo "1574"]
[PlyCount "85"]
[GameId "2160767910156933"]
[EventDate "2009.05.05"]
[EventType "swiss"]
[EventRounds "4"]
[EventCountry "CAN"]
[SourceTitle "EXT 2011"]
[Source "ChessBase"]
[SourceDate "2011.11.26"]
[SourceVersion "1"]
[SourceVersionDate "2011.11.26"]
[SourceQuality "1"]

1. d4 d5 2. c4 c6 3. Nf3 Nf6 4. Nc3 dxc4 5. a4 Bf5 6. e3 e6 7. Bxc4 Bb4 8. O-O Nbd7 9. Qe2 Bg6 10. Bd2 O-O 11. Rac1 a5 12. Rfd1 Qb6 13. Be1 Rfd8 14. Nh4 Bh5 15. f3 Be7 16. g4 Bg6 17. Nxg6 hxg6 18. Bg3 c5 19. d5 e5 20. Nb5 Ne8 21. h4 Nd6 22. Nxd6 Bxd6 23. g5 Re8 24. Qh2 f5 25. e4 f4 26. Be1 Kf7 27. Qh3 Qc7 28. h5 Rh8 29. hxg6+ Ke7 30. Qe6+ Kd8 31. Bb5 Nb6 32. Rc2 Qe7 33. Qf5 Qf8 34. Qg4 Qe7 35. Rh2 Rxh2 36. Kxh2 Kc7 37. Kg2 Nc8 38. Bc3 Nb6 39. Rh1 Nd7 40. Rh7 b6 41. Bxd7 Qxd7 42. Qxd7+ Kxd7 43. Rxg7+ 1-0

[Event "Winnipeg TNT May op"]
[Site "Winnipeg CAN"]
[Date "2009.05.19"]
[Round "3"]
[White "Letain, Cory"]
[Black "Kernetsky, Myron"]
[Result "0-1"]
[WhiteElo "1586"]
[BlackElo "1982"]
[PlyCount "51"]
[GameId "2160767910156934"]
[EventDate "2009.05.05"]
[EventType "swiss"]
[EventRounds "4"]
[EventCountry "CAN"]
[SourceTitle "EXT 2011"]
[Source "ChessBase"]
[SourceDate "2011.11.26"]
[SourceVersion "1"]
[SourceVersionDate "2011.11.26"]
[SourceQuality "1"]

1. d4 Nf6 2. c4 e6 3. Nf3 b6 4. a3 Ba6 5. e3 Be7 6. Nc3 Bb7 7. Be2 d5 8. O-O O-O 9. b4 dxc4 10. Bxc4 Nbd7 11. Bb2 c5 12. bxc5 bxc5 13. d5 Nb6 14. Qb3 exd5 15. Nxd5 Bxd5 16. Bxd5 Qxd5 17. Qc2 Qe4 18. Qe2 Qc4 19. Qd1 Rfd8 20. Qb1 Na4 21. Rc1 Qd3 22. Qa2 Nxb2 23. Ne5 Qd5 24. Qxb2 Rab8 25. Qc3 Ne4 26. Ng6 0-1